000 00404 a2200109 4500
001 ART_4739
005 20260410161824.0
008 260409a
245 1 0 _aLa enseñanza técnica y profesional inicial y la adquisción de cualificaciones en el Reino Unido
100 1 _aAshton, David
773 0 _tRevista de trabajo
_gFormación profesional - Año 1, Nº 1 (mar./abr. 1994)
_wREV4713
999 _c22615
_d22615